000 00471nam a2200181Ia 4500
008 131103s9999 xx 000 0 und d
020 _a747235805
040 _aLoreto College
041 _aEnglish
082 _aF/FRI
_bLCLIB/42654
100 _aFriedman,Philip
245 _aReasonable Doubt
_cPhilip Friedman
260 _aLondon
_bHeadline Book Publication
_c1990
300 _a598 p.
_c 18 cm.
650 _aFiction in English
850 _aLCLIB
942 _cBK
999 _c14353
_d64832